00189nam a2200073Ia 4500008004100000082001700041245004400058300001300102230907s9999||||xx |||||||||||||| ||und|| a621.319bSMA 0aSmart grids from a global perspective / apages cm